000 07773nam a22006017a 4500
005 2012022103053.0
010 _aB-472788-818
020 _a9788121614795
_c60.00
035 _aB-472788-818
037 _bब्लूबेरी बुक्स
082 _a921
100 _aतिवारी, विनोद
_950628
245 _aमहान क्रान्तिकारीःवीर सावरकरः
_cसंजीव मनोहर सलील
_bबच्चों और किशोरो के लिए सचित्र जीवनियां /
260 _aनई दिल्ली
_bहिन्द पॉकेट बुक्स
_c2011
270 _aजे-40, जोरबाग लेन
_bनई दिल्ली
_e110003
300 _a64पृ
_bसचित्र
_c22सेमी (अजिल्द)
700 _942649
700 _942654
942 _2ddc
_cCH
_mसावर
_h921
999 _c63256
_d63256